| 000 | 00655cam a22002293a 4500 | ||
|---|---|---|---|
| 001 | 42900 | ||
| 003 | PGUSA | ||
| 005 | 20140828083956.0 | ||
| 008 | 130609s2013||||xxu|||||s|||||000 | eng d | ||
| 040 |
_aPGUSA _beng |
||
| 042 | _adc | ||
| 100 | 1 |
_aPerrault, Charles, _d1628-1703 |
|
| 245 | 1 | 0 |
_aGänsemütterchens Märchen _h[electronic resource] / _cCharles Perrault |
| 260 |
_bProject Gutenberg, _c2013 |
||
| 506 | _aPublic domain in the USA. | ||
| 516 | _aElectronic text | ||
| 700 | 1 |
_aDoré, Gustave, _d1832-1883 |
|
| 700 | 1 | _aKrause, Hans | |
| 830 | 0 |
_aProject Gutenberg _v42900 |
|
| 856 | 4 | 0 | _uhttp://www.gutenberg.org/ebooks/42900 |
| 942 | _cEB | ||
| 999 |
_c272152 _d272152 |
||